La construcción (in)social de la desnutrición: investigación en torno a una realidad socioeconómica, educativa y nutricional /
Guardat en:
| Autor principal: | |
|---|---|
| Format: | Text |
| Etiquetes: |
Afegir etiqueta
Sense etiquetes, Sigues el primer a etiquetar aquest registre!
|
MARC
| LEADER | 00000 a a2200000 04500 | ||
|---|---|---|---|
| 001 | 46942 | ||
| 003 | |||
| 040 | |||
| 100 | |a Ros-Zanet, José Guillermo | ||
| 245 | |a La construcción (in)social de la desnutrición: |b investigación en torno a una realidad socioeconómica, educativa y nutricional / |c José Guillermo Ros-Zanet | ||
| 773 | |g volumen1, número1, (1999), páginas 51-96 : tablas | ||
| 999 | |c 21824 |d 21824 | ||
